000 00427nam a2200181Ia 4500
005 20240823044105.0
008 240823s9999||||xx |||||||||||||| ||und||
020 _a81-7635-145-8
041 _aENGLISH
082 _A005.133 N8
100 _aPeter Nortons
245 0 _aGuide to Visual Basic 6
250 _a1st
260 _c1998
_bT
500 _aTRANSFERED
650 _aVisual Basic
_bComputer Science
942 _cBK
999 _c211747
_d211747